Κατάλογος Βιβλιοθηκών Mediterranean College

Παράγοντες Εργασιακής Ικανοποίησης Συγκριτικά των 4 Γενεών Εργαζομένων./ (Record no. 8562)

MARC details
000 -LEADER
fixed length control field 02043cam a22001934a 4500
005 - ΗΜΕΡΟΜΗΝΙΑ ΚΑΙ ΩΡΑ ΤΕΛΕΥΤΑΙΑΣ ΕΝΗΜΕΡΩΣΗΣ
Πεδίο ελέγχου 20250605164339.0
008 - FIXED-LENGTH DATA ELEMENTS--GENERAL INFORMATION
Πεδίο ελέγχου σταθερού μήκους 250528s ||||||||||||||||||||||||d
035 ## - SYSTEM CONTROL NUMBER
System control number 23561
040 ## - ΠΗΓΗ ΚΑΤΑΛΟΓΟΓΡΑΦΗΣΗΣ
Φορέας πρωτότυπης καταλογογράφησης MC Athens Campus Library
Γλώσσα καταλογογράφησης Ελληνικά, Μοντέρνα (1453-)
Modifying agency MC Athens Campus Library
Κανόνες περιγραφικής καταλογογράφησης AACR2
245 1# - ΤΙΤΛΟΣ ΚΑΙ ΔΗΛΩΣΗ ΥΠΕΥΘΥΝΟΤΗΤΑΣ
Τίτλος Παράγοντες Εργασιακής Ικανοποίησης Συγκριτικά των 4 Γενεών Εργαζομένων./
260 ## - PUBLICATION, DISTRIBUTION, ETC.
Date of publication, distribution, etc. 2011
300 ## - PHYSICAL DESCRIPTION
Extent 50
520 ## - SUMMARY, ETC.
Summary, etc. Εισαγωγή, Επαγγελματική Ικανοποίηση, Ορισμός της Εργασιακής Ικανοποίσης, Θεωρητικές Προσεγγίσεις Ικανοποίησης, Θεωρία της Προσδοκίας, Θεωρία των Ανθρώπινων Αναγκών, Θεωρία των Δύο Παραγόντων, Παράγοντες Εργασιακής Ικανοποίσης, Εξωτερικοί Παράγοντες, Ταυτότητα Εργασία Χαρακτηριστηκά, Μεταβλητές Ρόλων, Κοινωνικό STATUS, Ανταμοιβή, Εξωτερικοί Παράγοντες, Ηλικία, Ταίριασμα Εργασίας Ατόμου, Ουσιαστικές Εργασιακές Σχέσεις, Μεθοδολογικά Εργαλεία και Προσέγγιση, Υπόθεση Εργασίας, Φύση και Σκοπός της Εργασίας, Δομή, Ορισμός Παραμέτρων, Αλλαγές στους Παράγοντες Εργασιακής Ικανοποίσης, Εργατικό Δυναμικό Τεσσάρων Γενιών, οι Παραδοσιακοί, οι Baby Boomers, η Γενία Χ, η Γενία Y, Γενία Y: Ευκαιρίες και Πρόκληση, Προτάσεις για τις Στρατηγικές Διαχείρησης της Γενίας Y, Συμπεράσματα, Προτάσεις, Βιβλιογραφία.
700 1# - ΠΡΟΣΘΕΤΗ ΑΝΑΓΡΑΦΗ--ΦΥΣΙΚΟ ΠΡΟΣΩΠΟ
Personal name Βασαλάκης Δημήτριος
9 (RLIN) 9139
700 1# - ΠΡΟΣΘΕΤΗ ΑΝΑΓΡΑΦΗ--ΦΥΣΙΚΟ ΠΡΟΣΩΠΟ
Personal name Λαζάρου Ελένη
9 (RLIN) 9141
942 ## - ADDED ENTRY ELEMENTS (KOHA)
Koha item type Διπλωματική εργασία
Holdings
Τύπος τεκμηρίου Βιβλιοθήκη Τρέχουσα τοποθεσία Barcode Ημερομηνία απόκτησης Ταξιθετικό σύμβολο Αριθμός αντιτύπου Κατάσταση απόσυρσης Κατάσταση χαμένου Κατάσταση κατεστραμμένου Μη δανεισμός Σύνολο δανεισμών Ημερομηνία τελευταίας εμφάνισης Η τιμή ισχύει από
Διπλωματική εργασία MC Athens Campus Library MC Athens Campus Library 9780000085610 05/06/2025 BUS 2011 (11) 1           05/06/2025 05/06/2025

MC Athens Campus Library
Πατησίων 94 & Κοδριγκτώνος 13, 104 34
Πελλήνης 8 & Πατησίων 107, 112 51
Τ: +30 210 8899600

MC Thessaloniki Campus Library
Ίωνος Δραγούμη 21, 54625 | Ίωνος Δραγούμη 15, 54625
Τ: +30 2310 287779 – Τ: +30 2314 440300